000 00700nam a2200217 u 4500
005 20251105063904.0
008 160525s2005 r 000 0 eng d
020 _a8497003195
035 _aUPN01000210664
049 _aCG
050 4 _aLC191
_bR6.56
100 1 _aRodríguez Rodríguez, Margarita
_939198
245 1 0 _aIntroducción a la educación socioambiental desde la pedagogía social /
_cMargarita Rodríguez Rodríguez.
260 _aMálaga, Esp. :
_bAljibe,
_c2005.
300 _a154 p. :
_bcuadros
440 0 _aBiblioteca de educación
650 4 _aEducación social
_913718
650 2 _aEducación ambiental
_xEstudio y enseñanza
_917503
905 _aLibro
999 _c182765
_d182765